|
|
|
|
| LEADER |
00000cam a2200000 7i4500 |
| 001 |
0000030403 |
| 002 |
000032808 |
| 005 |
20000330.0 |
| 020 |
|
|
|a 053417292X
|
| 090 |
0 |
0 |
|a 378.198
|b HET
|
| 100 |
1 |
|
|a Hettich, Paul I
|
| 245 |
1 |
0 |
|a Learning skills for college and career
|c Paul I. Hettich
|
| 260 |
|
|
|a California :
|b Brooks/Cole Publishing Co. ,
|c 1992
|
| 300 |
|
|
|a 343p. ;
|c 23cm.
|
| 650 |
0 |
0 |
|a College student orientation
|z United States
|
| 650 |
0 |
0 |
|a Study, Method of
|
| 999 |
|
|
|a 026437
|b BUKU
|c PINJAMAN
|e PERPUSTAKAAN KOMUNITI PETALING JAYA
|
| 999 |
|
|
|a 026438
|b BUKU
|c PINJAMAN
|e PERPUSTAKAAN KOMUNITI PETALING JAYA
|